00520nam a2200157Ia 450000500170000000800410001708200130005810000210007124500520009226000360014430000120018050000510019294200060024395200980024999900150034720250405155044.0240331s9999 xx 000 0 und d bSITa894 aSittampalam, S.K 0aPandaya eelathil thamilar :boru panmukapparvai aJaffnabJaffna Universityc2000 a73 p ., aPandaiya ilathil tamilar - oru panmugappaarvai cL 001040708LaWERCLbWERCLcSSCd2024-03-31l0o 894.11 SITp4294r2024-03-31w2024-03-31yL c4217d4217